Logo BPK

Bibliografia Prac Pracowników

Politechniki Koszalińskiej

Zjawisko spóźnionych płatności w transakcjach handlowych w krajach Unii Europejskiej / (Rekord nr 8194)

Szczegóły MARC
000 -ETYKIETA REKORDU
podpole kontrolne o stałej długości 00776naa a22001817i 4500
001 - NUMER KONTROLNY REKORDU
podpole kontrolne 8194
003 - IDENTYFIKATOR NUMERU KONTROLNEGO REKORDU
podpole kontrolne KOSZ 005
005 - DATA OSTATNIEJ MODYFIKACJI REKORDU
podpole kontrolne 20180320120745.0
008 - POLE O STAŁEJ DŁUGOŚCI - DANE KONTROLNE
podpole kontrolne o stałej długości 160308s2005 ||||| ||||1|| 0 pol
035 ## - NUMER SYSTEMOWY
Numer systemowy przejętego rekordu PBN-R:247125
040 ## - ŹRÓDŁO KATALOGOWANIA
Instytucja, która utworzyła rekord KOSZ 005/md
Instytucja, która sporządziła opis PBN-ID
Instytucja, która dokonała modyfikacji KOSZ 005/HR
041 0# - KOD JĘZYKA
Kod języka tekstu pol
100 1# - NAZWA OSOBOWA
Nazwa osobowa ZAWADZKA, Danuta.
Lata pracy 2007-2011.
Instytucja Politechnika Koszalińska - Instytut Ekonomii i Zarządzania,
Wydział Zakład Finansów
245 10 - TYTUŁ/ODPOWIEDZIALNOŚĆ
Tytuł Zjawisko spóźnionych płatności w transakcjach handlowych w krajach Unii Europejskiej /
Pozostałe elementy strefy tytułu i oznaczenia odpowiedzialności Danuta Zawadzka.
655 #0 - TERMIN INDEKSOWY - OKREŚLENIE RODZAJU/FORMY DOKUMENTU
Określnie rodzaju/formy dokumentu Materiały konferencyjne.
773 0# - TYTUŁ DOKUMENTU MACIERZYSTEGO
Wyrażenie wprowadzające W :
Tytuł Finanse / red. Bogusław Pietrzak. -
Adres wydawniczy Warszawa : Szkoła Główna Handlowa w Warszawie, 2005. -
Informacje dotyczące relacji s.75-82.
Strefa serii Monografie i Opracowania Naukowe
ISBN 8373781773
942 ## - HASŁO DODATKOWE - ELEMENTY(KOHA)
Typ dokumentu Rozdział
Schemat klasyfikacji Uniwersalna klasyfikacja dziesiętna

Brak dostępnych egzemplarzy.

© 2014 Biblioteka Politechniki Koszalińskiej :: BIBLIOGRAFIA PRAC PRACOWNIKÓW